Quiz animaux de la ferme mort subite - Statistiques

Statistiques générales
  • Ce quiz a été pris 756 fois
  • Le résultat moyen est 9 sur 11
Answers on the Grid
Answers color-coded by a green-red scale on the quiz's grid according to % correct below.
Poule
Vache
cochon
mouton
chevre
cheval
canard
lapin
oie
ane
dauphin
cochon d’inde
Anne hidalgo
connexion wifi
Un clovis
lily
Lion
piranha
Kangourou
chat
donald Trump
ours
le code civil
Crocodile
singe
 
Statistiques - réponses
Réponse % Correct
Poule
99%
cochon
97%
Vache
97%
mouton
95%
chevre
94%
ane
93%
lapin
93%
canard
91%
cheval
91%
oie
91%
lily
2%
Aucun quiz correspondant
Distribution des résultats
% des personnes avec chaque résultat
Percentile par nombre de réponses
Votre historique - résultats
Vous n’avez pas pris ce quiz